|
|
|
|
| LEADER |
01337nam a22003732a 4500 |
| 001 |
001399034 |
| 003 |
CZ BrMZK |
| 005 |
20140722124748.0 |
| 007 |
ta |
| 008 |
140701s1961 xr er|||||||||||cze d |
| 015 |
|
|
|a cnb000603696
|
| 035 |
|
|
|a (OCoLC)85465906
|
| 040 |
|
|
|a ABA001
|b cze
|c OSA001
|d ABA009
|d BOA001
|
| 072 |
|
7 |
|a 636
|x Chov zvířat. Živočišná výroba
|2 Konspekt
|9 24
|
| 080 |
9 |
|
|a 636.2.034
|
| 080 |
9 |
|
|a 637.112
|
| 100 |
1 |
|
|a Hejzlar, Zdeněk,
|d 1921-1993
|7 jk01040619
|4 aut
|
| 245 |
1 |
0 |
|a Od každé dojnice litr mléka denně navíc :
|b (zkušenosti ze Severomoravského kraje) /
|c Zdeněk Hejzlar
|
| 250 |
|
|
|a 1. vyd.
|
| 260 |
|
|
|a Praha :
|b Státní zemědělské nakladatelství,
|c 1961
|
| 300 |
|
|
|a 171 s.
|
| 490 |
1 |
|
|a Knihovnička 3. pětiletky ;
|v sv. 9
|
| 504 |
|
|
|a Obsahuje bibliografii
|
| 650 |
0 |
7 |
|a skot mléčný
|2 czenas
|
| 650 |
0 |
7 |
|a mléčný skot
|2 czenas
|
| 650 |
0 |
7 |
|a chov dojnic
|2 czenas
|
| 650 |
0 |
7 |
|a mléčná užitkovost
|2 czenas
|
| 655 |
|
7 |
|a příručky
|7 fd133209
|2 czenas
|
| 830 |
|
0 |
|a Knihovnička 3. pětiletky
|
| 910 |
|
|
|a BOA001
|b 2-0459.787
|
| 990 |
|
|
|a BK
|
| 991 |
|
|
|b 201406
|
| 996 |
6 |
|
|b 2619077767
|c 2-0459.787
|l MZK
|r Sklad / do 24 hodin
|n 2
|w 001434092
|u 000020
|a 1
|e BOA001
|j MZK50
|s P
|
| 996 |
7 |
|
|b 2619077768
|c 2-0459.787
|l MZK
|r Sklad / do 24 hodin
|n 1
|w 001434092
|u 000010
|a 1
|e BOA001
|j MZK50
|s A
|